Sports Quiz

Random Sports or NBA Quiz

Shaq's NBA All-Star Teammates Quiz Stats

Quiz Updated May 8, 2013

Challenge
Share
Tweet
Embed
Score 0/28 Timer 07:00
59 Plays Today
Teammates on the... Player % Correct
LakersKobe Bryant
98.1%
HeatDwyane Wade
93.6%
CavaliersLeBron James
91.7%
CelticsKevin Garnett
87.1%
CelticsPaul Pierce
86.9%
CelticsRay Allen
83.7%
SunsSteve Nash
82.8%
CelticsRajon Rondo
81.4%
Magic, HeatAnfernee Hardaway
66.6%
CavaliersMo Williams
64.3%
SunsAmar'e Stoudemire
63.5%
Lakers, HeatGary Payton
48.5%
HeatAlonzo Mourning
47.8%
CavaliersŽydrūnas Ilgauskas
45.9%
Teammates on the... Player % Correct
LakersKarl Malone
45.4%
CelticsJermaine O'Neal
44.3%
CavaliersAntawn Jamison
41.8%
SunsGrant Hill
39.7%
Magic, LakersHorace Grant
38.6%
Lakers, HeatEddie Jones
35.4%
HeatAntoine Walker
26.6%
LakersGlen Rice
22.9%
LakersNick Van Exel
22.4%
LakersA. C. Green
17.1%
HeatSteve Smith
17.1%
LakersDennis Rodman
10%
LakersMitch Richmond
7.9%
HeatChristian Laettner
3.8%

You're not logged in!

Compare scores with friends on all Sporcle quizzes.
Sign Up with Email
OR
Log In

You Might Also Like...

Show Comments

Extras

Top Quizzes Today


Score Distribution

Your Account Isn't Verified!

In order to create a playlist on Sporcle, you need to verify the email address you used during registration. Go to your Sporcle Settings to finish the process.